000 01048nam a2200253 a 4500
001 000025145
005 20200930023603.0
008 110210s1973 mx ad r 000 0 spa d
040 _aDO-SdBNP
_bspa
_cBNPHU
082 _axxxxx
_bS319c
100 1 _aSchein, Edgar H.
_951557
245 1 0 _aConsultoria de procesos :
_bsu papel en el desarrollo organizacional /
_cEdgar H. Schein ; traducción Ángel Gaos ; colaboración Jaime Lopera Hernando Casas.
260 _aMéxico, D. F. :
_bCentro Regional de Ayuda Técnica :
_bAgencia para el Desarrollo Internacional (A.I.D.),
_c1973.
300 _axi, 163 p. :
_bil., diagrs. ;
_c19.5 cm.
490 1 _aDesarrollo organizacional ;
_v6
500 _aIncluye glosario de términos.
500 _aIncluye referencias bibliográficas.
504 _aIncluye referencias bibliográficas y notas al pie de las páginas.
700 1 _aGaos, Ángel,
_etr.
_951558
700 1 _aLopera, Jaime
_951559
700 1 _aCasas, Hernando,
_951560
830 0 _aDesarrollo organizacional ;
_n6
_951561
049 _aBNGR
999 _c24638
_d24638